Best Actor Nominees of the 21st Century - Statistics

General Stats
  • This quiz has been taken 363 times
    71 since last reset
  • The average score is 65 of 86
Answer Stats
Year Film Actor % Correct
2004 The Aviator Leonardo DiCaprio
98%
2012 Silver Linings Playbook Bradley Cooper
96%
2005 Walk the Line Joaquin Phoenix
96%
2017 Call Me by Your Name Timothée Chalamet
96%
2001 Ali Will Smith
96%
2008 The Curious Case of Benjamin Button Brad Pitt
94%
2023 Oppenheimer Cillian Murphy
94%
2001 Training Day Denzel Washington
94%
2003 Pirates of the Caribbean: The Curse of the Black Pearl Johnny Depp
94%
2015 The Martian Matt Damon
94%
2006 Half Nelson Ryan Gosling
94%
2002 The Pianist Adrian Brody
92%
2016 Manchester by the Sea Casey Affleck
92%
2002 Gangs of New York Daniel Day-Lewis
92%
2020 The Father Anthony Hopkins
90%
2009 A Single Man Colin Firth
90%
2012 Les Miserables Hugh Jackman
90%
2014 Birdman or (The Unexpected Virtue of Ignorance) Michael Keaton
90%
2024 Conclave Ralph Fiennes
90%
2018 Bohemian Rhapsody Rami Malek
90%
2000 Gladiator Russell Crowe
90%
2022 The Whale Brendan Fraser
88%
2004 Million Dollar Baby Clint Eastwood
88%
2011 Tinker Tailor Soldier Spy Gary Oldman
88%
2010 The Social Network Jesse Eisenberg
88%
2013 Dallas Buyers Club Matthew McConaughey
88%
2005 Capote Philip Seymour Hoffman
88%
2001 I Am Sam Sean Penn
88%
2016 Hacksaw Ridge Andrew Garfield
85%
2014 The Imitation Game Benedict Cumberbatch
85%
2003 Lost in Translation Bill Murray
85%
2013 American Hustle Christian Bale
85%
2014 The Theory of Everything Eddie Redmayne
85%
2006 The Last King of Scotland Forest Whitaker
85%
2004 Ray Jamie Foxx
85%
2000 Cast Away Tom Hanks
85%
2007 Michael Clayton George Clooney
83%
2005 Brokeback Mountain Heath Ledger
83%
2010 127 Hours James Franco
83%
2007 Eastern Promises Viggo Mortensen
83%
2009 Crazy Heart Jeff Bridges
81%
2022 Elvis Austin Butler
79%
2022 The Banshees of Inisherin Colin Farrell
79%
2025 Sinners Michael B. Jordan
79%
2009 Invictus Morgan Freeman
79%
2019 Marriage Story Adam Driver
77%
2017 Get Out Daniel Kaluuya
77%
2008 The Wrestler Mickey Rourke
77%
2011 The Artist Jean Dujardin
75%
2015 Steve Jobs Michael Fassbender
75%
2014 Foxcatcher Steve Carell
75%
2020 Ma Rainey's Black Bottom Chadwick Boseman
73%
2000 Before Night Falls Javier Bardem
73%
2015 Trumbo Bryan Cranston
71%
2013 12 Years a Slave Chiwetel Ejiofor
71%
2004 Hotel Rwanda Don Cheadle
71%
2022 Aftersun Paul Mescal
69%
2024 The Apprentice Sebastian Stan
69%
2025 Blue Moon Ethan Hawke
67%
2002 About Schmidt Jack Nicholson
67%
2009 The Hurt Locker Jeremy Renner
67%
2003 Cold Mountain Jude Law
67%
2023 The Holdovers Paul Giamatti
67%
2023 Rustin Colman Domingo
63%
2023 American Fiction Jeffrey Wright
63%
2019 The Two Popes Jonathan Pryce
63%
2000 Pollock Ed Harris
60%
2002 Adaptation Nicolas Cage
60%
2020 Sound of Metal Riz Ahmed
60%
2019 Pain and Glory Antonio Banderas
56%
2013 Nebraska Bruce Dern
56%
2000 Quills Geoffrey Rush
56%
2020 Minari Steven Yeun
56%
2025 The Secret Agent Wagner Moura
56%
2018 At Eternity's Gate Willem Dafoe
56%
2022 Living Bill Nighy
52%
2005 Hustle & Flow Terrence Howard
50%
2002 The Quiet American Michael Caine
48%
2003 House of Sand and Fog Ben Kingsley
46%
2008 Frost/Nixon Frank Langella
46%
2006 Venus Peter O'Toole
46%
2007 In the Valley of Elah Tommy Lee Jones
46%
2001 In the Bedroom Tom Wilkinson
46%
2005 Good Night, and Good Luck David Strathairn
35%
2011 A Better Life Demian Bichir
35%
2008 The Visitor Richard Jenkins
35%
No matching quizzes found
Score Distribution
Percent of People with Each Score
Percentile by Number Answered
Your Score History
You have not taken this quiz since the last reset